Disciplína – efektívny faktor prevencie problémového správania žiaka
Príčiny, ktoré vyvolávajú nežiadúce vzorce správania a ich nárast na základných a stredných školách. Najčastejšie výchovné problémy a efektívne faktory prevencie problémového správania žiakov. Závery výskumov.
Guardado en:
| Autor principal: | |
|---|---|
| Formato: | Capítulo de libro |
| Lenguaje: | eslovaco |
| Materias: | |
| Etiquetas: |
Sin Etiquetas, Sea el primero en etiquetar este registro!
|
MARC
| LEADER | 00000naa a2200000 4500 | ||
|---|---|---|---|
| 001 | 0217195 | ||
| 005 | 20231127103655.8 | ||
| 041 | 0 | |a slo | |
| 044 | |a SK | ||
| 245 | 1 | 0 | |a Disciplína – efektívny faktor prevencie problémového správania žiaka |c Ingrid Emmerová |
| 520 | |a Príčiny, ktoré vyvolávajú nežiadúce vzorce správania a ich nárast na základných a stredných školách. Najčastejšie výchovné problémy a efektívne faktory prevencie problémového správania žiakov. Závery výskumov. | ||
| 610 | 2 | 0 | |a školstvo |
| 610 | 2 | 0 | |a školy základné |
| 610 | 2 | 0 | |a školy stredné |
| 610 | 2 | 0 | |a výchova |
| 610 | 2 | 0 | |a pedagogika sociálna |
| 610 | 2 | 0 | |a kvalita vzdelávania |
| 610 | 2 | 0 | |a prevencia sociálna |
| 100 | 1 | |a Emmerová, Ingrid | |